Thống kê ứng dụng : (Dùng cho sinh viên khối ngành Kinh tế và Kinh tế - Luật)

Nội dung sách gồm: các quy luật phân phối xác suất thông dụng; thống kê mô tả; cơ sở xác suất của các thống kê; ước lượng tham số; kiểm định giả thuyết thống kê; phân tích phương sai; kiểm định phi tham số....

Полное описание

Сохранить в:
Библиографические подробности
Главный автор: Phạm Văn Chững (Chủ biên)
Другие авторы: Lê Thanh Hoa, Nguyễn Đình Uông
Формат:
Язык:Vietnamese
Опубликовано: Tp. Hồ Chí Minh Đại học quốc gia Tp. Hồ Chí Minh 2016
Предметы:
Метки: Добавить метку
Нет меток, Требуется 1-ая метка записи!
Thư viện lưu trữ: Thư viện Trường Đại học Nam Cần Thơ
LEADER 01302nam a22002177a 4500
001 NCT_81659
008 200613b xxu||||| |||| 00| 0 vie d
999 |c 4011  |d 4011 
020 |a 9786047345212  |c 127000 
082 0 4 |2 23rd ed.  |a 519.5  |b Ch556 
100 1 |a Phạm Văn Chững  |e Chủ biên 
245 1 0 |a Thống kê ứng dụng :  |b (Dùng cho sinh viên khối ngành Kinh tế và Kinh tế - Luật)  |c Phạm Văn Chững (Chủ biên); Lê Thanh Hoa, Nguyễn Đình Uông 
260 |a Tp. Hồ Chí Minh  |b Đại học quốc gia Tp. Hồ Chí Minh  |c 2016 
300 |a 413 tr.  |b Minh họa  |c 24cm 
520 3 |a Nội dung sách gồm: các quy luật phân phối xác suất thông dụng; thống kê mô tả; cơ sở xác suất của các thống kê; ước lượng tham số; kiểm định giả thuyết thống kê; phân tích phương sai; kiểm định phi tham số. 
653 |a Cơ bản 
700 1 |a Lê Thanh Hoa 
700 1 |a Nguyễn Đình Uông 
942 |2 ddc  |c BK 
952 |0 0  |1 0  |2 ddc  |4 0  |6 519_500000000000000_CH556  |7 0  |9 19828  |a 000001  |b 000001  |d 2020-06-13  |o 519.5 Ch556  |p MD.17368  |r 2020-06-13  |v 127000.00  |w 2020-06-13  |y BK 
980 |a Thư viện Trường Đại học Nam Cần Thơ